00569nam a2200169 a 450000500170000000800410001702000180005805000240007610000400010024500710014026000510021130000230026244000460028565000380033165000180036965000120038720140412111239.0001113s19uu xx 00 eng d a0-310-20841-6 aM 428.6bBe415 1979 aBeers, V. G. (Victor Gilbert), 1928 aDo you love me? /cby Gilbert Beers ; illustrated by Jan M. Jones. aGrand Rapids, MI :bZondervan Pub. Hse,c1976. a1 v. (unp.) ; ill. aLearning to Read from the Bible, primer 3 aReaders -- Bible Stories, English aBible stories aReaders